| 000 | 01046nam0a2200289 4500 | ||
|---|---|---|---|
| 001 | RU\NLR\bibl\47373 | ||
| 005 | 20260405215936.0 | ||
| 010 |
_a5-220-00202-3 _910000 |
||
| 021 |
_aRU _b99-24141 _91172 |
||
| 035 | _a(NLR Aleph) 000046214 | ||
| 090 |
_a244979 _c244979 |
||
| 100 | _a19990915d1999 |||y0rusy50 ca | ||
| 101 | 1 |
_arus _ceng |
|
| 102 | _aRU | ||
| 105 | _aa ||||||||| | ||
| 200 | 1 |
_aКармическое исцеление _eИсцеление прошлого, настоящего и будущего с помощью Властителей Кармы _fДайяна Стайн _g[пер. с англ. С. Грабовецкой] |
|
| 210 |
_aКиев _cСофия _d1999 |
||
| 215 |
_a158 с. _cил. _d17 |
||
| 606 | 0 |
_aКарма _91203321 _3RU\NLR\auth\66487463 |
|
| 686 | _aЮ96 | ||
| 700 | 1 |
_4070 _8rus _7ca _aСтайн _bД. _f1948- _gДайяна _3RU\NLR\auth\7798395 _981321 |
|
| 801 | 0 |
_aRU _bNLR _c19990915 _gPSBO |
|
| 801 | 1 |
_aRU _bNLR _c19990915 |
|
| 852 |
_aNLR _j99-2/1859 |
||
| 942 | _cBOOK | ||
| 980 | _aNB | ||